000 00734cab a2200193 4500
001 WB2238-45
008 090401t1986 xxu||||| |||| 00| 0 eng d
035 _a(Sirsi) u74136
041 _aeng
245 _aNew property service
260 _c1986
350 _a0
490 _aEstates Gazette
_vvol 279 no 6302, 20/9/86 p1158
520 _aA new company called Central Property Index is launching a service which it claims will provide computer listings of all types of commercial property that are available for sale or lease. The index will initially cover London with a perimeter ten miles beyond the M25 ring.
650 _aMULTIPLE LISTING
690 _aPROPERTY-COMMERCIAL PROPERTY
942 _n0
948 _c04/03/1997
999 _c46799
_d46799